GRAMIN SAMAJSHATRA VA SAMUDAIK VIKAS (RURAL SOCIOLOGY AND COMMUNITY DEVELOPMENT (MARATHI) (Record no. 541010)

MARC details
000 -LEADER
fixed length control field 00529pam a2200157a 44500
008 - FIXED-LENGTH DATA ELEMENTS--GENERAL INFORMATION
fixed length control field 230515b1994 xxu||||| |||| 00| 0 eng d
020 ## - INTERNATIONAL STANDARD BOOK NUMBER
International Standard Book Number 0-86132-066-2
041 ## - LANGUAGE CODE
Language code of text/sound track or separate title MARATHI
082 ## - DEWEY DECIMAL CLASSIFICATION NUMBER
Classification number 306.72 DES.
100 ## - MAIN ENTRY--PERSONAL NAME
Personal name GHATOLE R N
245 ## - TITLE STATEMENT
Title GRAMIN SAMAJSHATRA VA SAMUDAIK VIKAS (RURAL SOCIOLOGY AND COMMUNITY DEVELOPMENT (MARATHI)
250 ## - EDITION STATEMENT
Edition statement 2
260 ## - PUBLICATION, DISTRIBUTION, ETC.
Place of publication, distribution, etc. NAGPUR
Name of publisher, distributor, etc. MAGNA PUBLISHING CO. LTD.
Date of publication, distribution, etc. 1994
300 ## - PHYSICAL DESCRIPTION
Extent 299
650 ## - SUBJECT ADDED ENTRY--TOPICAL TERM
Topical term or geographic name entry element "SOCIAL SCIENCES,SOCIAL STRUCTURE AND COMMUNITY,RURAL SOCIOLOGY,RURAL AND VILLAGE COMMUNITY"
Holdings
Withdrawn status Lost status Damaged status Not for loan Home library Current library Shelving location Date acquired Source of acquisition Cost, normal purchase price Total Checkouts Full call number Barcode Date last seen Price effective from Koha item type
        Social Science Centre (MSW), Pune Social Science Centre (MSW), Pune   21/10/2009 NULL 75.00   306.72 DES. MSP-SC-5839 28/06/2023 28/06/2023 Book